Setting employee performance standards

Bibliographic Details
Format: Book
Published: [s.l.] : ITC Production , [19--]
Series:Sales management series
Subjects:

MARC

LEADER 00000cam a2200000 7i4500
001 0000008130
005 20021119093000.0
008 021119n
090 0 0 |a HF5351   |b .S3 
245 0 0 |a Setting employee performance standards 
260 2 |a [s.l.] :   |b ITC Production ,   |c [19--] 
300 |a 1 vidoecassette (10 min) ; sd. , col. 
440 0 0 |a Sales management series 
650 0 |a Business 
650 0 |a Employee motivation 
650 0 |a Industrial management 
999 |a 1000086990   |b Video Tape   |c Close Access   |e Gong Badak Campus